000 00892nam a22003017a 4500
003 CHAP
005 20220329141636.0
008 971013s1919 r 00010 d
010 _a71520
011 _a72492
035 _a82047
040 _cCHAP
082 _a627.52
_bD38 1919
100 0 0 _aDavis, Arthur Powell.
_931244
245 _aIrrigation engineering
250 _aEd. rev.
260 _aNew York ; Wiley,
_c1919
300 _a640 p.
_b: ilus.
590 _aBATCH-UPD
_b10
_c20130110
_lUCH01
_h0810
590 _aBATCH-UPD
_b10
_c20130410
_lUCH01
_h0447
590 _aBATCH-UPD
_b10
_c20130914
_lUCH01
_h1137
590 _aCONVERSION
_b10
_c20130109
_lUCH01
_h1339
650 1 4 _aIrrigación.
_960366
901 _aBK
942 _cLIBRO
949 _a627.52 D38 1919
_bBC
_cBPP
_d-35855
_eBPP
_h19069
_i82047
_si
949 _a627.52 D38 1919
_bBC
_cBPP
_d-35856
_eBPP
_fc.2
_h19070
_i82047
_si
999 _c71520
_d71520